000
00271nam a22001097a 4500
082
_a
669.142 HAN'E
100
_a
PARR, J. GORDON,HANSON, ALBERT
_9
56727
245
_a
THE ENGINEERS GUIDE TO STEEL
260
_a
LONDON
_b
ADDISON WESLEY
_c
1965
300
_a
406P
942
_c
BK
999
_c
567085
_d
567085